000 00750nam a2200253 i 4500
001 91917
003 ES-MaACL
005 20240429131201.0
007 t|
008 050307s2004 sp ||||1| spa d
020 _a8483109794
080 _a821.134.2-82"19"
100 1 _aRodríguez, Claudio,
_d1934-1999
_998224
245 1 3 _aLa otra palabra
_b: escritos en prosa /
_cClaudio Rodríguez ; edición de Fernando Yubero.
250 _a1ª ed.
260 _aBarcelona :
_bTusquets,
_c2004.
300 _a242 p. ;
_c22 cm.
490 1 _aMarginales ;
_v226
700 1 _aYubero, Fernando.
_9117728
830 0 0 _aMarginales ;
_v226
_9236110
852 _aES-MaACL
_jL-28960
_bR.135457
942 _2udc
999 _c91917
_d91917